| 000 | 00916nam a2200217Ii 4500 | ||
|---|---|---|---|
| 003 | JO-AjNU | ||
| 008 | 230605s9999||||xx |||||||||||||| ||und|| | ||
| 017 | _a1990/5186 | ||
| 040 |
_aJO-AjNU _bara _erda _cJO-AjNU |
||
| 041 | _aara | ||
| 050 | 1 | 4 | _aKRM500.S26.1990 |
| 100 | 3 |
_aتأليف السنهوري، عبد الرزاق بن أحمد, _eauthor _944915 |
|
| 245 | 0 | 0 | _aالوسيط في شرح القانون المدني: العقود الواردة على العمل ، المقاولة والوكالة والوديعة والحراسة |
| 250 | _aالطبعة الثانية | ||
| 264 | 3 | 1 | _aالقاهرة: دار النهضة العربية،1990 |
| 300 | _aمح1،ج7، 1252ص | ||
| 336 |
_atext _btxt _2rdacontent |
||
| 337 |
_aunmediated _bn _2rdamedia |
||
| 338 |
_avolume _bnc _2rdacarrier |
||
| 650 | 4 |
_a القانون المدني -- مصر -- قوانين وتشريعات -- مصر _944916 |
|
| 999 |
_aA19430 _c22998 _d22998 |
||